| 000 | 00581nam a22001817a 4500 | ||
|---|---|---|---|
| 005 | 20231016111525.0 | ||
| 010 | _aENG-137761 | ||
| 020 |
_a9789395422970 _c400.00 |
||
| 035 | _aEN-121292 | ||
| 037 | _bDBAD | ||
| 082 | _a600 | ||
| 100 |
_aRajasekar, Janani _957826 |
||
| 245 |
_aArtificial Intelligence and machine learning/ _cJanani Rajasekar...[et.al] |
||
| 260 |
_aTamil Nadu _bShanlax Publication _c2022 |
||
| 270 |
_a66 t.p.k. main road vasantha nagara ,madhurai-625003 _bMadurai _e625003 |
||
| 300 |
_a245p. _c25cm(Pbk) |
||
| 942 |
_2ddc _cEN _h600 _mRAJ |
||
| 999 |
_c196962 _d196962 |
||